000 00245nam a2200109Ia 4500
003 OSt
008 201029b ||||| |||| 00| 0 eng d
100 _aVENUGOPAL, K R.
245 _aMastering C++
260 _aN.Delhi
_bTMH
_c2005
942 _2ddc
_cBK
999 _c2806
_d2806